Basic marketing : a marketing strategy planning approach
Guardat en:
| Autor principal: | |
|---|---|
| Format: | Sách |
| Idioma: | Undetermined |
| Publicat: |
McGraw-Hill Irwin
2008
|
| Matèries: | |
| Etiquetes: |
Afegir etiqueta
Sense etiquetes, Sigues el primer a etiquetar aquest registre!
|
| Thư viện lưu trữ: | Trung tâm Thư viện - Trường Đại học Công nghiệp TP. Hồ Chí Minh |
|---|
| LEADER | 00519nam a2200157Ia 4500 | ||
|---|---|---|---|
| 001 | UIH_05714 | ||
| 008 | 231011s9999 xx 000 0 und d | ||
| 082 | |a 658.8 | ||
| 100 | |a Perreault, William D | ||
| 245 | 0 | |a Basic marketing : a marketing strategy planning approach | |
| 245 | 0 | |c Perreault, William D | |
| 260 | |b McGraw-Hill Irwin | ||
| 260 | |c 2008 | ||
| 650 | |a Tiếp thị; Marketing; | ||
| 927 | |a Sách | ||
| 980 | |a Trung tâm Thư viện - Trường Đại học Công nghiệp TP. Hồ Chí Minh | ||